A galaxy of desires / (Record no. 48234)

000 -LEADER
fixed length control field 00869cam a22002894a 4500
001 - CONTROL NUMBER
control field 16097972
003 - CONTROL NUMBER IDENTIFIER
control field Nust
005 - DATE AND TIME OF LATEST TRANSACTION
control field 20180626051259.0
008 - FIXED-LENGTH DATA ELEMENTS--GENERAL INFORMATION
fixed length control field 100219s2009 pk 000 0deng
010 ## - LIBRARY OF CONGRESS CONTROL NUMBER
LC control number 2010384237
020 ## - INTERNATIONAL STANDARD BOOK NUMBER
International Standard Book Number 9789699436000 (hbk)
Terms of availability Rs. 245
038 ## - RECORD CONTENT LICENSOR
Staff Name Arshad
040 ## - CATALOGING SOURCE
Original cataloging agency DLC
Transcribing agency DLC
041 1# - LANGUAGE CODE
Language code of text/sound track or separate title eng
Language code of original urd
050 00 - LIBRARY OF CONGRESS CALL NUMBER
Classification number PK2201.R347
Item number Z46 2009
082 ## - DEWEY DECIMAL CLASSIFICATION NUMBER
Classification number 891.43909
Author Mark ANI
100 1# - MAIN ENTRY--PERSONAL NAME
Personal name Rahmaan, Anis Ur,
Dates associated with a name 1932-
9 (RLIN) 11261
240 10 - UNIFORM TITLE
Uniform title Anjuman-i ārzū.
Language of a work English
245 12 - TITLE STATEMENT
Title A galaxy of desires /
Statement of responsibility, etc. Anis-ur-Rahmaan ; translated by Irfan A. Imtiazi.
260 ## - PUBLICATION, DISTRIBUTION, ETC.
Place of publication, distribution, etc. Lahore :
Name of publisher, distributor, etc. Suraj Pub.,
Date of publication, distribution, etc. 2009.
300 ## - PHYSICAL DESCRIPTION
Extent vi, 330 p. ;
Dimensions 23 cm.
546 ## - LANGUAGE NOTE
Language note Translated from Urdu.
600 10 - SUBJECT ADDED ENTRY--PERSONAL NAME
Personal name Rahmaan, Anis Ur,
Dates associated with a name 1932-
General subdivision Travel.
9 (RLIN) 11262
906 ## - LOCAL DATA ELEMENT F, LDF (RLIN)
a 7
b cbc
c orignew
d 3
e ncip
f 20
g y-gencatlg
942 ## - ADDED ENTRY ELEMENTS (KOHA)
Source of classification or shelving scheme
Koha item type Book
Holdings
Withdrawn status Lost status Source of classification or shelving scheme Damaged status Not for loan Collection code Permanent Location Current Location Shelving location Date acquired Total Checkouts Full call number Barcode Date last seen Date last checked out Copy number Price effective from Koha item type
            Central Library (CL) Central Library (CL) Book Cart 01/12/2017 4 891.43909 ANI CL1759 06/03/2024 03/09/2024 1 01/12/2017 Book
© 2023 Central Library, National University of Sciences and Technology. All Rights Reserved.